| 000 | 00423nam a22001451a 4500 | ||
|---|---|---|---|
| 082 |
_aM300 7 _bTHO/N |
||
| 100 |
_aThomas M M _9142407 |
||
| 245 |
_aNovalum daivasasthravum (Theological readings on novels)/ _cby Thomas M M |
||
| 260 |
_aAriyannur: _bPatabhedam, _c1998. |
||
| 300 | _a100p. | ||
| 650 |
_aNovel Malayalam Study _9142408 |
||
| 650 |
_aLiterature Malayalam _9142409 |
||
| 650 |
_aLiterature _9142410 |
||
| 942 | _cBK | ||
| 999 |
_c31822 _d31822 |
||